Wszystkie miasta w kujawsko-pomorskim poniżej 10k mieszkańców - Statystyki

Ogólne statystyki
  • Ten quiz został rozwiązany 22 razy
    12 od ostatniego zresetowania
  • Średni wynik to 22 z 35
Statystyki odpowiedzi
Powiat Miasto % Poprawnych
sępoleński Sępólno Krajeńskie
89%
włocławski Kowal
78%
golubsko-dobrzyński Kowalewo Pomorskie
78%
grudziądzki Łasin
78%
mogileński Strzelno
78%
żniński Barcin
67%
lipnowski Dobrzyń nad Wisłą
67%
inowrocławski Gniewkowo
67%
włocławski Izbica Kujawska
67%
inowrocławski Janikowo
67%
sępoleński Kamień Krajeński
67%
nakielski Kcynia
67%
lipnowski Kikół
67%
inowrocławski Kruszwica
67%
żniński Łabiszyn
67%
włocławski Lubraniec
67%
nakielski Mrocza
67%
aleksandrowski Nieszawa
67%
radziejowski Piotrków Kujawski
67%
radziejowski Radziejów
67%
grudziądzki Radzyń Chełmiński
67%
nakielski Szubin
67%
lipnowski Bobrowniki
56%
włocławski Brześć Kujawski
56%
żniński Gąsawa
56%
brodnicki Górzno
56%
brodnicki Jabłonowo Pomorskie
56%
włocławski Lubień Kujawski
56%
świecki Nowe
56%
inowrocławski Pakość
56%
świecki Pruszcz
56%
włocławski Chodecz
44%
żniński Janowiec Wielkopolski
44%
lipnowski Skępe
44%
sępoleński Więcbork
44%
Nie znaleziono quizów pasujących do podanych kryteriów
Rozkład punktacji
Procent ludzi z każdym wynikiem
Percentyl według liczby udzielonych odpowiedzi
Twoja historia wyników
Nie rozwiązałeś tego quizu od ostatniego zresetowania